[Event "Keres Memorial-03"]
[Site "Tallinn"]
[Date "1981.03.25"]
[Round "14"]
[White "Vogt, Lothar"]
[Black "Bronstein, David Ionovich"]
[Result "0-1"]
[WhiteElo "2455"]
[BlackElo "2490"]
[Annotator "Gagarin,V"]
[PlyCount "110"]
[EventDate "1981.03.06"]
[EventType "tourn"]
[EventRounds "15"]
[EventCountry "URS"]
[EventCategory "9"]
[SourceTitle "MCL"]
[Source "ChessBase"]
[SourceDate "1999.07.01"]
[SourceVersion "1"]
[SourceVersionDate "1999.07.01"]
[SourceQuality "1"]

1. e4 e5 2. Bc4 Nf6 3. d3 c6 4. Nf3 d6 (4... d5 5. Bb3 (5. exd5 cxd5 6. Bb3
Bb4+ $1 7. c3 Bd6 $10) 5... Bd6 $1 (5... Nbd7 $6 6. O-O Bd6 7. exd5 $1 (7. Nc3
dxe4 8. Ng5 O-O 9. Ncxe4 Nc5 10. Nxd6 Qxd6 11. f4 Nxb3 $10 {Olafsson-Kurajica,
B/Wijk/1977/}) 7... cxd5 8. Nc3 d4 (8... Nb6 9. Bg5 $36 (9. Re1 $36)) 9. Ng5 $1
O-O 10. Nce4 Nc5 11. Nxc5 Bxc5 12. f4 exf4 13. Bxf4 $16 h6 $2 (13... Bg4 14.
Qe1 Bh5 15. Qh4 Bg6 16. Be5 $16) 14. Nxf7 $1 Rxf7 15. Be5 $1 $18 {P 16. f6 gf
17. f7 f7 18. h5, 19. c5} Be7 16. Bxf6 Bxf6 17. Qh5 Qc7 18. Rae1 Kf8 19. Rxf6
$1 $18 {Zlochevskij,A-Tsarev,V/Moscow-sf)/1988/1:0/19/}) 6. Nc3 d4 $5 (6...
dxe4 $14) 7. Ne2 c5 $1 (7... Na6 $2 8. c3 $14 {Nunn,J-Kortschnoj,V/
Johannesburg/1981/1:0/39/}) 8. Ng3 Nc6 9. h3 (9. Ng5 O-O 10. Nh5 h6 11. h4 Na5
$1 12. Qf3 Nxb3 13. axb3 Nxh5 14. Qxh5 Qf6 15. Ke2 Qg6 16. Qxg6 fxg6 $15 {
Orlinkov,M-Arbakov,V/Moscow/1985/0:1/50/}) 9... h6 10. O-O g6 11. c3 (11. a3 $5
{P h2,f4}) 11... Bd7 12. cxd4 cxd4 13. Re1 Qe7 14. a3 Kf8 15. Nf1 Kg7 16. N1d2
b5 $15 {Schlosser,M-Ivanchuk,V/WchJ Adelaide/1988/0:1/21/}) (4... Be7) 5. h3 (
5. c3 $5 Be7 6. Bb3 O-O 7. O-O Be6 8. Bc2 h6 9. Re1 Nbd7 10. Nbd2 Qc7 11. d4
Rfe8 (11... Bg4 12. h3 Bh5 13. Nf1 Nh7 $14) 12. h3 $1 Nf8 13. c4 Ng6 14. d5 Bd7
15. Nb1 $1 Bf8 (15... cxd5 16. cxd5 b5 $1 $14) 16. Nc3 c5 $2 17. Ba4 $1 $16 {
Kasparov,G-Georgadze,T/Minsk URS-ch/1979/1:0/40/}) (5. O-O Be7 (5... Bg4 6. h3
Bxf3 7. Qxf3 $14 {Titov,G-Zaitsev,I/URS-ch/1991/0:1/24/}) 6. Bb3 (6. c3 O-O 7.
Nbd2 Kh8 $6 (7... Nbd7 $14) 8. Re1 Nbd7 9. Bb3 Nc5 10. Bc2 Ne6 11. d4 Nd7 12.
Nc4 f6 13. d5 $1 $16 {Nunn,J-Hess,R/Wiesbaden/1981/1:0/40/}) 6... O-O 7. c3
Nbd7 8. Re1 Qc7 (8... h6 9. Nbd2 Re8 10. d4 Bf8 11. h3 $14) 9. d4 Nb6 (9... h6
10. Nbd2 Re8 11. Nf1 Bf8 12. Ng3 $14) 10. Nbd2 Bg4 11. h3 Bh5 $14 {Martinovic,
S-Braga,F/Amsterdam/1986/0:1/24)/}) 5... Nbd7 6. a4 Be7 7. O-O O-O 8. Nc3 Nc5
9. Bg5 (9. Ne2 d5 $5) 9... Ne6 10. Bd2 Re8 11. Ne2 Bf8 (11... d5 12. exd5 cxd5
13. Ba2 e4 (13... Bd6 14. Nc3 $5 $36) 14. Nfd4 $13) 12. c3 (12. Ba2 $5) 12...
d5 13. exd5 cxd5 14. Ba2 (14. Bb5 $6 Re7 15. Nxe5 $4 a6 $19) 14... Bd6 15. Re1
h6 16. Ng3 Nc7 17. Nh4 Bd7 18. Nhf5 Bf8 19. d4 exd4 20. Nxd4 Rxe1+ 21. Bxe1 Ne6
$10 22. Nxe6 Bxe6 23. Bd2 Bd6 24. Qf3 $2 (24. Be3 $10) 24... Qb6 $1 25. b4 Bxg3
$1 $17 26. a5 (26. Qxg3 Ne4 27. Qf4 g5 $1 28. Qe3 Qxe3 29. Bxe3 Nxc3 $17) 26...
Qxf2+ 27. Qxf2 Bxf2+ 28. Kxf2 Ne4+ (28... Rc8 $5 $17) 29. Ke3 Rc8 30. c4 $5
Nxd2 (30... Nf6 $5 $17) 31. cxd5 Nc4+ (31... Bf5 32. Kxd2 Rc2+ 33. Ke3 Rxg2 34.
d6 $44) 32. Kd4 Na3 (32... Bxd5 33. Kxd5 Ne3+ 34. Kd6 $44) 33. dxe6 $1 Nc2+ 34.
Ke5 Nxa1 35. e7 Nc2 36. b5 Nd4 (36... Nb4 37. Bc4 $1 $44 {P d6}) (36... Ne3 37.
g4 $1 $44 {P d6}) 37. Kxd4 Re8 38. Ke5 $2 (38. Kc5 $1 Rxe7 39. Bd5 Kf8 40. b6
axb6+ (40... a6 $2 41. Bxb7 $1 $18) 41. Kxb6 Ke8 42. Bxb7 Kd7 $1 (42... Kd8 $2
{= Gufeld,Bukhtin} 43. a6 $1 Re6+ 44. Bc6 $18) 43. Bc6+ (43. a6 $2 Re6+ {P c7})
43... Kc8 44. a6 Kb8 45. Bb7 Re6+ 46. Bc6 Re7 $10) 38... Rxe7+ $19 39. Kd6 Kf8
40. Bd5 f5 41. Kc5 Rd7 42. Bf3 (42. b6 axb6+ 43. axb6 Ke7 $19) 42... g5 43. b6
a6 44. Bxb7 Rxb7 45. Kc6 Rb8 46. b7 (46. Kc7 Re8 47. Kb7 f4 48. Kxa6 h5 49. Kb5
g4 50. hxg4 hxg4 51. a6 f3 $19) 46... Ke7 47. Kc7 Rd8 48. b8=Q (48. Kb6 Kd6 49.
Kxa6 Kc7 50. Ka7 h5 51. a6 h4 $19) 48... Rxb8 49. Kxb8 f4 50. Kb7 Kd6 51. Kxa6
Kc6 52. Ka7 h5 53. a6 Kc7 54. Ka8 (54. h4 gxh4 $19) 54... h4 $1 55. g4 (55. a7
Kc8 56. g4 hxg3 57. h4 g2 $19) 55... hxg3 0-1

[Event "Montreal 6th"]
[Site "Montreal"]
[Date "2005.08.12"]
[Round "9"]
[White "Efimenko, Zahar"]
[Black "Golod, Vitali"]
[Result "1/2-1/2"]
[WhiteElo "2643"]
[BlackElo "2582"]
[Annotator "Golod,V"]
[PlyCount "108"]
[EventDate "2005.08.03"]
[EventType "tourn"]
[EventRounds "11"]
[EventCountry "CAN"]
[EventCategory "12"]
[SourceTitle "CBM 109"]
[Source "ChessBase"]
[SourceDate "2005.11.14"]
[SourceVersion "1"]
[SourceVersionDate "2005.11.14"]
[SourceQuality "1"]

1. e4 e5 2. Bc4 {A big surprise for me! I was expecting - 2.Nf3.} Nf6 3. d3 c6
4. Nf3 d5 5. Bb3 Bd6 {I was a bit lucky with this variation, as I prepared it
only 8 days ago, for the 2nd round game against Arthur Kogan, but we didn't
play it then.} ({The following variation was also seen in this tournament:} 
5... Bb4+ $5 6. c3 $140 Bd6 {with the idea to prevent Nc3.}) 6. Nc3 dxe4 $5 {
This is the more common plan for Black.} 7. Ng5 $140 O-O 8. Ncxe4 Nxe4 9. Nxe4
(9. dxe4 $143 Bb4+ 10. c3 (10. Bd2 $4 Qxg5 11. Bxb4 Qxg2 12. Qd6 Qxe4+ 13. Kd2
Nd7 $19) 10... Qxd1+ 11. Kxd1 Be7 $11) 9... Bf5 $5 {Black's goal is to get rid
of the Ne4 in the centre.} 10. Qf3 $140 ({This was also seen a couple of times
in this position:} 10. O-O) ({and} 10. Nxd6) 10... Bxe4 $1 11. dxe4 {BB / BN} (
11. Qxe4 $143 Nd7 $11 {[%csl Rb3,Re4][%cal Gd7c5]}) 11... Nd7 {Almost all
games in this position in the database ended in a draw, this game wasn't
different :)} 12. O-O ({I think this is more logical:} 12. c3 $5 a5 13. O-O (
13. a4 Nc5 14. Bc2 b5 (14... Ne6 $5 {Lukacs,P} 15. O-O Qe7 $11) 15. O-O Qc7 16.
Rd1 Rab8 17. axb5 cxb5 18. g3 b4 $11 19. cxb4 Rxb4 20. Bd2 Rxb2 {1/2-1/2 Adams,
M-Kramnik,V/Tilburg,1998}) 13... Nc5 (13... a4 14. Bc2 Nc5 $11) 14. Bc2 {
[%csl Gc1,Yc2]} b5 {with similar ideas, which have met in my game:} 15. Be3 Qc7
16. Qe2 a4 17. Rad1 Ne6 18. g3 Bc5 19. Bc1 Rad8 {+/=/= Bruzon Bautista,
L-Dominguez,L/Havana,2005(1/2-1/2)(47)}) 12... Nc5 13. Bc4 {/^a6-f1 White
can't allow to exchange the bishops, otherwise the game would be level:} (13.
Rd1 $143 Nxb3 (13... Qe7 $6 14. Qg4 $6 (14. Bc4 $142) 14... Nxb3 15. axb3 Rfd8
16. Bg5 f6 17. Be3 Bc5 18. Bxc5 Qxc5 $11 {Aronian,L-Dautov,R/Germany,2002(1/
2-1/2)(24)}) 14. Qxb3 Qc7 15. Be3 Rfd8 $11 {Lendwai,R-Volkmann,F/Hartberg,2003
(1/2-1/2)(19)}) 13... b5 14. Be2 Qe7 $146 (14... Qh4 $6 15. Be3 $5 (15. g3 Qxe4
16. Qxe4 Nxe4 17. Bf3 f5 $13) (15. Re1 $5) 15... Qxe4 $140 $2 16. Rfd1 $1 {
[%csl Rc5,Gd1,Rd6,Ge3]} Be7 $8 17. Bxc5 Qxf3 18. Bxf3 Bxc5 19. Bxc6 {^-} Rab8
20. Rd5 $16) ({The game, which has reached this position was continued as
follows:} 14... Ne6 15. c3 Bc5 16. g3 a5 17. Kg2 Be7 18. h4 {+/=/= Ghaem
Maghami,E-Datu,I/Calcutta,2001(1-0)(52)}) 15. c3 a5 16. Be3 a4 {I am trying to
get the maximum space on the queenside, which will neutralize my opponent's
bishops.} 17. Rad1 {<->d} Rfd8 18. g3 Ne6 19. h4 Bc5 {/^a7-g1} 20. Bc1 Rxd1 {
It won't hurt to remove all the rooks from the board to simplify the position.}
21. Rxd1 Rd8 22. Rxd8+ Qxd8 23. Kg2 Bf8 $1 {In some variations, I need to have
the square c5 to transfer my knight to d3.} 24. Qd3 (24. Qg4 {/\f4} Nc5 $132 {
[%csl Rd3][%cal Gc5d3]}) (24. h5 Nc5 25. h6 g6 $11) 24... Qxd3 25. Bxd3 {+/=/=}
Bd6 26. h5 h6 $1 {It's risky to allow the white pawn to reach h6.} 27. Bc2 (27.
Kh3 $5 {Efimenko,Z} Nc5 28. Bc2 Nd7 {/\Nf6 קh5}) 27... Kf8 $1 {Zahar missed
the defensive idea of transfering my king to f6.} 28. Kh3 Ke7 29. Kg4 Kf6 {
[%csl Rf5,Yf6][%cal Yf6f5]} 30. f4 Bc7 31. Bd2 Bd6 {I'm waiting for some
active moves from my opponent.} 32. c4 {It was possible to try to improve the
position before passing c4, to keep more pawns on the queenside.} Nd4 33. Bd1 (
33. Bd3 $143 b4 {/\c5 =}) 33... a3 $1 34. bxa3 ({After:} 34. Bc3 $143 axb2 35.
Bxb2 {I get another chance:} bxc4 $5 (35... Ke7 36. cxb5 cxb5 $11) 36. Bxd4 (
36. a4 $2 Bb4 {/\c3}) 36... exd4 37. e5+ Bxe5 38. fxe5+ Kxe5 {[%csl Yc4,Yc6,
Yd4][%cal Gc4c3,Gc3c2,Yd4d3,Yc6c5]} 39. Kf3 c5 $13) 34... Bxa3 ({Leads to a
very sharp endgame:} 34... bxc4 $5 {Efimenko,Z} 35. a4 $140 Ke7 $13 {/\Kd7-c7})
35. cxb5 cxb5 36. Bc3 {[%csl Gc3,Rf6][%cal Yd1b3]} Ke6 37. Kh3 f6 {All
endgames with opposite colored bishops end in a draw.} 38. Ba5 Bd6 39. Bb6 Ke7
40. Kg4 Ke6 41. Ba5 Ke7 42. Bc3 Ke6 43. Kh3 Ke7 44. Bd2 Kf7 $6 {A bit
inaccurate, but this won't effect the outcome of the game.} (44... Ne6 $5 {קf4
} 45. Bb3 (45. Kg4 Nd4 {[%csl Yd4][%cal Yd4f3] and the white king doesn't
reach e3 or d3.}) 45... exf4 46. Bxe6 Kxe6 47. gxf4 f5 $5 48. e5 Bc5 $11) 45.
Kg2 Ke7 46. Bg4 {[%cal Yg4c8,Yc8b7,Yb7d5] Zahar uses my inaccuracy and plays
very strongly (that I have made in my 44th move) and is going to improve the
position of his light-squared bishop.} Ke8 47. Bc8 Kd8 (47... b4 $5 48. Ba6
$140 b3 49. a4 (49. axb3 Nxb3 $11) 49... b2 50. Bd3 Ne6 $1 {[%csl Ra4,Gb2,Rd3,
Rf4][%cal Ge6c5]} (50... Nb3 $6 51. Bc3 $14 {/\Bb5+ קb2}) 51. Bc3 $140 exf4
52. Bxb2 fxg3 53. Bc4 Nf4+ 54. Kxg3 Nd3+ 55. e5 $8 Bxe5+ 56. Bxe5 Nxe5 57. Be2
$11) 48. Bb7 Kd7 49. Bd5 Ne6 50. Kf3 Nd4+ 51. Ke3 Nc2+ 52. Ke2 $6 (52. Kd3 $142
Nd4 (52... Nb4+ $6 53. Kc3 $140 Nxd5+ 54. exd5 {/\Kd3-e4} e4 (54... f5 55. Be3
e4 $140 56. Bd4 Bf8 57. Be5 {/\Kd4 +/=}) 55. Kd4 f5 56. g4 $1 fxg4 57. Kxe4 $14
) 53. Be3 Bc5 {It's unclear where White can break through.}) 52... Bb4 $1 $11 {
Now I begin chasing my opponent's dark squared bishop.} 53. Bc1 (53. Kd3 Bxd2
54. Kxd2 Nd4 55. Kc3 Kc7 56. Kb4 Kb6 $11) 53... Ba3 54. Bd2 {Zahar felt it was
a bit risky, and decided to repeat the moves:} (54. Bxa3 $5 Nxa3 55. Bb3 $1 {
[%csl Re5,Rg7][%cal Ye2f3,Yf3g4,Yg4f5]} (55. Kf3 $6 Nc2 {/\Nd4 ><f5}) (55. fxe5
$6 fxe5 56. Kf3 (56. Bb3 Ke7 $11) 56... Nc2 {/\Nd4 ><f5}) {I must be very
accurate here:} 55... Kd6 56. Kf3 Kc5 $1 (56... b4 $2 57. Kg4 Nb1 58. Kf5 Nd2
59. fxe5+ fxe5 60. Bc2 $16 {[%csl Rg7,Rh6][%cal Yc2e4,Gf5g6]} Nf1 $140 61. Bd3
Nxg3+ 62. Kg4 {פg3}) 57. Kg4 $140 Nc4 58. Kf5 Nd6+ 59. Kg6 Nxe4 60. fxe5 fxe5
61. Kxg7 Nxg3 62. Kxh6 e4 $11) 54... Bb4 1/2-1/2

[Event "Olympiad-29"]
[Site "Novi Sad"]
[Date "1990.11.17"]
[Round "1"]
[White "Tischbierek, Raj"]
[Black "Beliavsky, Alexander G"]
[Result "1/2-1/2"]
[WhiteElo "2495"]
[BlackElo "2605"]
[Annotator "Gruenberg,HU"]
[PlyCount "104"]
[EventDate "1990.11.17"]
[EventType "team-swiss"]
[EventRounds "14"]
[EventCountry "YUG"]
[SourceTitle "TD"]
[Source "ChessBase"]
[SourceDate "1994.03.01"]
[SourceVersion "1"]
[SourceVersionDate "1994.03.01"]
[SourceQuality "1"]
[WhiteTeam "German Dem Rep"]
[BlackTeam "Soviet Union"]
[WhiteTeamCountry "DDR"]
[BlackTeamCountry "URS"]

1. e4 e5 2. Bc4 Nf6 3. d3 c6 4. Nf3 d5 5. Bb3 Bd6 6. Nc3 dxe4 (6... Be6 7. Bg5)
7. Ng5 O-O 8. Ncxe4 Nxe4 9. Nxe4 Na6 $2 (9... Bf5 10. O-O $14) 10. Qh5 $16 Qc7
(10... Nc5 11. Ng5 h6 12. Nxf7 $18) 11. Ng5 $1 h6 12. Ne4 Be7 {[#]} 13. Bxh6
gxh6 14. Qg6+ Kh8 15. Qxh6+ Kg8 16. h4 (16. g4 Nc5 17. g5 {P f6} Nxe4 18. dxe4
{P g6}) 16... Bf5 $8 17. Ng3 e4 $1 18. d4 (18. O-O-O $1 Bh7 (18... Qe5 19. d4)
19. Nh5 Qe5 20. d4 Qh8 21. Rh3) (18. Nxf5 $2 Qa5+) 18... Qd7 19. O-O-O (19. Nh5
$2 Qxd4) 19... Bg4 20. Nxe4 Qf5 (20... Bxd1 $1 21. Rxd1 Qf5 22. Rd3 Qh7 23.
Nf6+ Bxf6 24. Qxf6 Rfd8 (24... Rfe8 25. Rf3) 25. Bxf7+ (25. Rg3+ Kf8 26. c3 Nc7
27. Bc2 Ne8) 25... Qxf7 26. Rg3+ Kf8 27. Qh6+ Ke8 28. Rg7 Rd6 $1 29. Qh8+ Qf8
30. Rg8 Ke7 $13) 21. Rde1 $1 Qh5 22. Qxh5 Bxh5 23. Ng3 Bb4 24. Nxh5 $1 (24. c3
Bg6 25. cxb4 Nxb4 $36) 24... Bxe1 25. Rxe1 $18 Rad8 26. c3 c5 27. d5 b5 28. Re7
c4 29. Rxa7 $6 (29. Bc2) 29... Ra8 $16 30. Rxa8 Rxa8 31. Bc2 b4 32. cxb4 Nxb4
33. a3 Na6 (33... Nxd5 $2 34. Be4 Ra5 35. Bxd5 Rxd5 36. Nf6+) 34. Kd2 Nc7 35.
Nf4 Nb5 36. a4 Nd6 37. Kc3 Kg7 38. g3 Kf6 39. h5 Ke5 40. h6 f5 41. h7 Kf6 42.
Kd4 Rb8 43. Kc5 Nf7 44. Kxc4 Rxb2 45. Kc3 Rb8 46. Bd3 Rh8 47. a5 Rxh7 48. a6
Nd6 49. Kb4 $2 (49. Kd4 $18 {P e6}) 49... Ke5 50. Kc5 Rc7+ 51. Kb6 Rc3 52. a7
Nc8+ {53. b7 d6 54. b8? c8#} 1/2-1/2

[Event "Capablanca Memorial op 45th"]
[Site "Havana"]
[Date "2010.06.11"]
[Round "2"]
[White "Fernando, Diogo"]
[Black "Ordaz Valdes, Lisandra Teresa"]
[Result "0-1"]
[WhiteElo "2494"]
[BlackElo "2307"]
[Annotator "Hernandez Same,R"]
[PlyCount "80"]
[EventDate "2010.06.10"]
[EventType "swiss"]
[EventRounds "10"]
[EventCountry "CUB"]
[SourceTitle "CBM 137 Extra"]
[Source "ChessBase"]
[SourceDate "2010.09.01"]
[SourceVersion "1"]
[SourceVersionDate "2010.09.01"]
[SourceQuality "1"]

1. e4 e5 2. Bc4 Nf6 3. d3 c6 4. Nf3 d5 5. Bb3 Bd6 6. exd5 Nxd5 7. O-O O-O 8.
Re1 Bg4 9. h3 Bh5 10. Nbd2 Nd7 11. Ne4 ({Otra posibilidad es} 11. g4 Bg6 12.
Nc4 Qc7 13. d4 e4 14. Nh4 Bh2+ 15. Kh1 Rae8 $13 {Morozevich-Smeets Eu Ch Men
2009.}) 11... Bc7 12. Bg5 {Novedad. Se emplean normalmente} (12. Bd2 Re8 (12...
Bb6 13. a3 Re8 14. Ba2 Nf8 15. Ng3 {Zhang Zhong-Zhang Pengxiang Manila 2006.})
13. a3 Nf8 14. Ba2 h6 15. Ng3 Bg6 16. Qc1 a5 17. b4 Nf4 18. d4 N4e6 19. Nxe5
$13 {Areshchenko-Shirov Bundesliga 2006.}) (12. Ng3 Bg6 13. a3 h6 14. d4 exd4
15. Qxd4 Bb6 16. Qg4 Kh7 17. Rd1 Re8 18. c3 f5 19. Qh4 Ne5 $15 {
Tiviakov-Shirov Benidorm 2008.}) 12... f6 13. Bd2 Kh8 14. a3 f5 15. Ng3 Bxf3
16. Qxf3 e4 $5 17. dxe4 fxe4 18. Qxe4 (18. Qg4 Nc5 19. Bxd5 cxd5 20. Rad1 $13)
18... Qf6 19. Rf1 Nc5 20. Qc4 Qd6 21. Bb4 $6 (21. Rae1 b5 22. Qg4 Nxb3 23. cxb3
Rf6 $132) 21... Rxf2 $1 22. Rxf2 Qxg3 23. Bxc5 $6 (23. Qxc5 Bb6 24. Bxd5 Bxc5
25. Bxc5 cxd5 26. Rf7 $44) 23... Qh2+ 24. Kf1 Qh1+ 25. Ke2 Qxa1 26. Qg4 $2 {
Un grave error.Lo correcto es} (26. Qe4 Qxb2 27. Bd4 Nc3+ 28. Bxc3 Qxc3 29. Rf7
$13) 26... Re8+ 27. Kd3 Nf4+ $2 ({Omite la continuacion ganadora que es} 27...
Nf6 28. Rxf6 gxf6 29. Qf3 Rd8+ 30. Ke4 Qxb2 $19) 28. Rxf4 Bxf4 29. Qxf4 Qd1+
30. Kc3 Qe1+ 31. Qd2 Qe5+ 32. Bd4 Qa5+ 33. Kd3 Qf5+ 34. Kc3 (34. Kc4 Re2 $1 35.
Qb4 b5+ 36. Kc3 Qf1 37. Bxg7+ Kxg7 38. Qg4+ Kf8) 34... c5 $1 35. Bg1 Qe5+ 36.
Kc4 b5+ $1 37. Kxb5 c4+ $1 38. Kxc4 $2 (38. Ka4 cxb3 39. cxb3 Qe4+ 40. Qb4 Qxg2
) 38... Rc8+ 39. Kb4 Rb8+ 40. Kc4 Qb5+ 0-1

[Event "Munich SKA"]
[Site "Munich"]
[Date "1994.05.28"]
[Round "7"]
[White "Gelfand, Boris"]
[Black "Jussupow, Artur"]
[Result "1/2-1/2"]
[WhiteElo "2685"]
[BlackElo "2655"]
[Annotator "Jussupow,A"]
[PlyCount "108"]
[EventDate "1994.05.21"]
[EventType "tourn"]
[EventRounds "11"]
[EventCountry "GER"]
[EventCategory "16"]
[SourceTitle "CBM 042"]
[Source "ChessBase"]
[SourceDate "1994.10.01"]
[SourceVersion "1"]
[SourceVersionDate "1994.10.01"]
[SourceQuality "1"]

1. e4 {Blatny,P} e5 2. Bc4 Nf6 3. d3 c6 4. Nf3 Be7 5. Bb3 (5. Nc3 {Blatny,P /\
[+]}) 5... O-O 6. O-O d6 (6... Qc7) 7. c3 Bg4 $5 $146 (7... Be6) (7... Nbd7) 8.
Nbd2 Nbd7 9. h3 (9. Re1 {Blatny,P /\Nf1-e3,g3}) 9... Bh5 10. Re1 Nc5 (10... d5
$6 11. exd5 (11. Qe2 $14) 11... cxd5 12. g4 Bg6 13. Nxe5 Nxe5 14. Rxe5 Bxd3
$140 15. g5) 11. Bc2 Ne6 12. Nf1 Nd7 $1 13. Ng3 (13. g4 $6 Bg6 14. Ng3 Ng5)
13... Bxf3 14. Qxf3 g6 {/\Bg5} (14... Bg5 15. Nf5) 15. Be3 (15. Bh6 Re8 {/\Bg5=
} (15... Ng7 {Blatny,P /\f5 <->f})) 15... Bg5 $10 16. Rad1 Bxe3 17. Qxe3 (17.
fxe3 {Blatny,P} Ng7 {/\f5}) 17... Qh4 (17... Qb6 $142 18. Qxb6 axb6 19. a3 b5
$10 {/\Nb6-a4}) (17... Nf4 18. Ne2 $1 $14 (18. d4 $2 Qg5 $1 19. dxe5 Nxe5 $1
$40 {/\h5-h4})) 18. d4 $1 Nf6 (18... exd4 {Blatny,P} 19. cxd4 {[+]}) 19. dxe5
dxe5 20. Bb3 (20. Rd6 $142 $14) (20. Rd6 {Blatny,P <->d}) 20... Ng5 $5 21. Qc5
(21. Rd6 {Blatny,P} Kg7 $132) 21... Rfe8 22. Re2 (22. Re3 $5) (22. Re3 {
Blatny,P <->3}) 22... Kg7 (22... Qf4 $5 {/\h5-h4} 23. Re3 {/\Qb4,Ne2}) 23. Qb4
(23. a4 {Blatny,P /\a5,Qb4}) 23... b6 24. Qa4 (24. Qc4 $5) (24. a4 {Blatny,P}
c5 $13) 24... c5 $10 25. Qc4 (25. Rd6 $5 {Blatny,P}) 25... Re7 26. a4 (26. Bc2
$10 {/\Red2}) 26... Ne6 (26... h5 $5 {/\Qf4,h4; Ne6}) 27. Red2 (27. Re3 $5 Nf4
$140 28. Ne2 $1) 27... h5 (27... Nf4 $142 $36 28. Ne2 $140 (28. Bc2 {Blatny,P}
Qg5 $36) 28... Nxe4 $3 29. Nxf4 (29. Qxe4 {Blatny,P} Nxh3+ $19) 29... exf4 (
29... Qxf4 30. Re2 f5 31. Rde1 Rae8 32. Bc2 $140 Ng3 $1) (29... Nxd2 $4 30.
Ne6+ $18) 30. Re2 Rae8 $17 31. Rxe4 $140 Rxe4 32. Qxf7+ Kh8 33. Rd7 R4e7) 28.
Bc2 $1 Qg5 (28... Nf4 29. Ne2 $14) 29. Ne2 (29. b4 {Blatny,P} Nf4 {/\h4}) 29...
h4 30. Rd6 Rf8 $138 (30... Nf4 31. Nxf4 exf4 $13 {/\Rh8-h5}) 31. Qd3 Nf4 32.
Nxf4 exf4 (32... Qxf4 $10) (32... Qxf4 $5 {Blatny,P}) 33. f3 Qe5 (33... Rh8 $5
$132 {/\ Rh5,Qe5(g3),Rg5}) 34. Bb3 Rc8 $6 (34... Rh8 $1) (34... Rh8 {Blatny,P /
\Rh5-g5->>>}) 35. Bc4 Rcc7 36. Bb5 $14 Rc8 37. Rd8 $138 Rxd8 38. Qxd8 Qc7 39.
Kf2 Qxd8 40. Rxd8 Nh5 $1 $132 {/\f5} 41. Rd5 Nf6 $1 42. Rd6 Nh5 43. Bd3 (43. a5
bxa5 $10 {/\f5}) 43... Nf6 $1 44. Bb5 Nh5 45. Bd3 Nf6 46. Ke2 Re6 $10 47. Rd8
Re8 48. Rd6 Re6 49. Rxe6 fxe6 {/\Nd7-e5} 50. Bb5 $1 a5 51. Kd3 Kf7 52. b4 cxb4
53. cxb4 axb4 54. Kc4 Ke7 $10 1/2-1/2